| 000 | 00970nam0a22002651 4500 | ||
|---|---|---|---|
| 001 | v19\rc\1216911 | ||
| 005 | 20250618022803.0 | ||
| 035 | _a(NLR Aleph) 004450604 | ||
| 090 |
_a4471334 _c4471334 |
||
| 100 | _a20060306d1873 |||y0rusy50 ca | ||
| 101 | 0 | _arus | |
| 102 | _aRU | ||
| 105 | _ay z |||a| | ||
| 200 | 1 |
_aД-ю Ф-чу К-о [Д.Ф. Кобеко] по случаю ходатайства его за бедного слепого чиновника _eСтихотворение |
|
| 210 |
_a[Санкт-Петербург] _cтип. Майкова _dценз. 1873 |
||
| 215 | _a1 с. | ||
| 300 | _aВ конце текста авт.: А-ъ | ||
| 300 | _aАвт. раскрыт по рукописной пометке на экз. РНБ | ||
| 700 | 1 |
_aЮревич _bА.Н. _gАнтон Николаевич |
|
| 790 | 0 | _aА.-ъ | |
| 801 | 0 |
_aRU _bNLR _gpsbo |
|
| 801 | 1 |
_aRU _bProSoft-M _2rusmarc |
|
| 852 |
_aNLR _j18.218.6.281 |
||
| 942 | _cBOOK | ||
| 980 | _aNB | ||